=LDR 00000nam 2200000 4500 =001 INLIS000000000006027 =005 20200305103119 =035 ##$$a 0010-061300000006027 =008 200305################g##########0#ind## =041 ##$$a Ind =082 ##$$a 153.3 =090 ##$$a 153.3 Den i =100 1#$$a Denning, Melita =245 1#$$a Imajinasi kreatif /$c Melita Denning ; Asborne Philips =260 ##$$a Semarang :$b DP,$c 1993 =300 ##$$a 176 hlm. : $b ilus. ; $c 14x21 cm. =650 #4$$a Imajinasi =700 1#$$a Philips, Asborne =850 ##$$a NBPNMAT =020 ##$$a 979-501-055-7 =084 ##$$a 153.3 DEN i =990 ##$$a DW00020714 =990 ##$$a 00056102